Plan to tackle CAP reforms (Record no. 72661)
[ view plain ]
| 000 -LEADER | |
|---|---|
| fixed length control field | 00943cam a2200193 4500 |
| 001 - CONTROL NUMBER | |
| control field | WB3918-18 |
| 008 - FIXED-LENGTH DATA ELEMENTS--GENERAL INFORMATION | |
| fixed length control field | 030513n2003 000 0 eng u |
| 035 ## - SYSTEM CONTROL NUMBER | |
| System control number | (Sirsi) u122259 |
| 245 ## - TITLE STATEMENT | |
| Title | Plan to tackle CAP reforms |
| 260 ## - PUBLICATION, DISTRIBUTION, ETC. | |
| Date of publication, distribution, etc. | 2003 |
| 490 ## - SERIES STATEMENT | |
| Series statement | Farmers' Weekly |
| Volume/sequential designation | 138(19) 9 May 2003, 22(1) |
| 520 ## - SUMMARY, ETC. | |
| Summary, etc. | The editor of the latest "Agricultural budgeting and costing" book Richard King advises farmers to plan their response to CAP reforms to avoid getting caught out. If existing CAP proposals go ahead, the gross margin of an enterprise will be sale return less variable costs which could have a big impact on profitability. "Agricultural budgeting and costing" provides a layman's guide to proposed CAP reforms and is available from t +44(0) 1664 567676 priced £34. |
| 590 ## - LOCAL NOTE (RLIN) | |
| Local note | WB |
| 650 ## - SUBJECT ADDED ENTRY--TOPICAL TERM | |
| Topical term or geographic name entry element | FARMERS |
| 650 ## - SUBJECT ADDED ENTRY--TOPICAL TERM | |
| Topical term or geographic name entry element | COMMON AGRICULTURAL POLICY |
| 650 ## - SUBJECT ADDED ENTRY--TOPICAL TERM | |
| Topical term or geographic name entry element | CAP REFORM |
| 690 ## - LOCAL SUBJECT ADDED ENTRY--TOPICAL TERM (OCLC, RLIN) | |
| Topical term or geographic name as entry element | RURAL-AGRICULTURE AND FORESTRY |
| 942 ## - ADDED ENTRY ELEMENTS (KOHA) | |
| Suppress in OPAC | 0 |
| Withdrawn status | Lost status | Source of classification or shelving scheme | Damaged status | Not for loan | Home library | Current library | Shelving location | Date acquired | Total Checkouts | Full call number | Barcode | Date last seen | Copy number | Price effective from | Koha item type |
|---|---|---|---|---|---|---|---|---|---|---|---|---|---|---|---|
| Dewey Decimal Classification | London | London | News article | 13/05/2003 | WB3918-18 | 122259-1001 | 06/08/2019 | 1 | 06/08/2019 | News article |